Сила за живот (Запис номер 10465)
[ съкратено ]
| 000 -Лидер | |
|---|---|
| Контролно поле с фиксирана дължина | 01758nam a2200433 a 4500 |
| 003 - Код на организацията, давaща контролен номер | |
| Контролно поле | BLK |
| 005 - Дата и час на последна редакция | |
| Контролно поле | 20250416102720.0 |
| 008 - Елементи от данни с фиксирана дължина | |
| fixed length control field | 180412b bul|||||r ||||||| ||bul|| |
| 010 ## - Наследен системен номер | |
| LC control number | KNG00011953000 |
| 020 ## - Международен стандартен номер на книга ISBN | |
| Международен стандартен номер на книга ISBN | 954-474-022-8 |
| 040 ## - Източник на каталожния запис | |
| Идентификатор на билиотеката - собственик на записа | BLK |
| 041 ## - Код за език | |
| Код за езика на текст/звукозапис или на отделно заглавие | Български |
| Код за езика КДБФ | Български |
| 072 #7 - Код за тематичната категория | |
| Код организация | bullib |
| Код за тематична категория | Л04 |
| Текст | Лечебно хранене |
| 080 ## - УДК | |
| Текстов определител УДК | Хигиена на храненето. Режим на храненето. Вж и 612.39 ; 614.3 ; 615.874 ; 641 |
| УДК код - определител по УДК | 613.2 |
| УДК - код + определител | 613.2 |
| 100 1# - Редна дума - Автор | |
| Автор | Дайъмънд, Харви |
| Авторска отговорност | първи автор |
| R(LIN) | 255570 |
| 139 ## - Редно поле | |
| Редна дума | Дайъмънд, Харви и др. |
| Авторски знак | Дав - Д 13 |
| 245 10 - Сведения за заглавието | |
| Заглавие | Сила за живот |
| Подзаглавни данни | Отслабване без диети |
| Редно поле (дума) | Харви Дайъмънд; прев. Евелина Банева; прев. Десислава Михайлова Лазарова. |
| 257 ## - Страна на издаване | |
| Страна на създаване/издаване | Съединени американски щати |
| 260 ## - Област на издателските данни | |
| Място на издаване, разпространение и проч. | София |
| Име на издателя, разпространителя и проч. | Кибеа |
| Година на издаване | 1993 |
| 300 ## - Физическа характеристика | |
| Страници | 331 с. |
| Размери/Мащаб | 20 см |
| 380 ## - Жанр | |
| Жанр | Медицина |
| 490 ## - СЕРИИ (Колекции) | |
| Име на серия | Серия Здраве |
| 9 (RLIN) | 201388 |
| 500 ## - Общи забележки | |
| Забележка | Ориг. загл. Fit for Life / Harvey and Marilyn Diamond. - 3 000 тир. |
| 650 #4 - Допълнително описание по предмет – тема | |
| Основно описание – тема или топоним | Хранене - хигиена |
| 9 (RLIN) | 244313 |
| 650 #4 - Допълнително описание по предмет – тема | |
| Основно описание – тема или топоним | Лечебно хранене |
| 9 (RLIN) | 244312 |
| 653 ## - Ключова дума – ненормативна | |
| Ключова дума | лечебно хранене |
| 653 ## - Ключова дума – ненормативна | |
| Ключова дума | отслабване |
| 659 ## - Тематичен бюлетин | |
| Тематичен бюлетин | Л |
| 700 1# - Други автори (авторска отговорност) | |
| Лично име | Лазарова, Десислава Михайлова |
| Автороска отговорност (Описва отношението между автора и произведението) | прев. |
| 9 (RLIN) | 246189 |
| 700 ## - Други автори (авторска отговорност) | |
| Лично име | Банева, Евелина Борисова |
| Дати, свързани с автора | 1954- |
| 9 (RLIN) | 368071 |
| 852 ## - Местоположение | |
| Форматна сигнатура | Цб 174167 |
| Фондова буква | Хранилище |
| 856 4# - Електронен адрес и достъп | |
| Електронен формат | pdf - файл |
| Път до файла /url/ | |
| Инструкция (цена за достъп) | 4.20 |
| Права за достъп | disable |
| 856 4# - Електронен адрес и достъп | |
| Електронен формат | pdf - файл |
| Път до файла /url/ | |
| Инструкция (цена за достъп) | 4.20 |
| Права за достъп | disable |
| 999 ## - СИСТЕМНИ КОНТРОЛНИ НОМЕРА | |
| Koha biblionumber | 10465 |
| Koha biblioitemnumber | 10465 |
| 942 ## - АРТИКУЛИ | |
| Вид на библиотечния материал | Книги |
| Скрит в OPAC | Не |
| Koha issues (borrowed), all copies | 14 |
| Периодичен библиозапис | Да |
| 944 ## - СЪЗДАВАНЕ И РЕДАКЦИЯ на ЗАПИСА | |
| Създаване/Редакция | Създаване |
| Дата на регистрацията/редакция | 15.01.2003 |
| Статус, дата на статуса | Цветомила Тодорова |
| Служител, извършил регистрацията/редакцията | 30576 |
| 944 ## - СЪЗДАВАНЕ И РЕДАКЦИЯ на ЗАПИСА | |
| Създаване/Редакция | Редакция |
| Дата на регистрацията/редакция | 05.10.2016 |
| Статус, дата на статуса | ф / |
| 999 ## - СИСТЕМНИ КОНТРОЛНИ НОМЕРА | |
| Koha biblioitemnumber | 10465 |
| 999 ## - СИСТЕМНИ КОНТРОЛНИ НОМЕРА | |
| Koha biblioitemnumber | 10465 |
| Код за отписване | Код за изгубен артикул | Източник на класификационната схема | Код за повреда | Коз за рестрикции | Код за отдаване | Артикулен № | Име на библиотеката - собственик | Име на библиотеката, в която се намира в момента | Статус (Текущо местоположение) | Дата на вписване в системата | Местоположение - отдел | Цена в лева | Инвентарен номер | Систематично азбучна сигнатура | Баркод | Номер на екземпляра | Цена в евро | Служебна бележка | Служебен тип на артикула |
|---|---|---|---|---|---|---|---|---|---|---|---|---|---|---|---|---|---|---|---|
| Не е изгубен | Universal Decimal Classification | Не е повреден | без рестрикции | заемане за дома | 18153 | Регионална библиотека "Любен Каравелов" Русе | Регионална библиотека "Любен Каравелов" Русе | Заемна - подръчен фонд | 2001-01-01 | Заемна - подръчен фонд | 3.00 | 631250 | П 613.2/Д 13 | 120000631250 | 1 | 1.53 | Бележки инв: П2018 | Книги | |
| Не е изгубен | Universal Decimal Classification | Не е повреден | без рестрикции | заемане за дома | 18154 | Регионална библиотека "Любен Каравелов" Русе | Регионална библиотека "Любен Каравелов" Русе | Заемна - подръчен фонд | 2013-12-09 | Заемна - подръчен фонд | 4.20 | 120000772772 | П 613.2/Д 13 | 120000772772 | 2 | 2.15 | Дост: DA Вид: А N: 20 Дата: 09.12.2013 Дата инв: 02.02.2018 Бележки инв: П2018 | Книги | |
| Изтеглен | Не е изгубен | Universal Decimal Classification | Не е повреден | без рестрикции | заемане за дома | 18155 | Регионална библиотека "Любен Каравелов" Русе | Регионална библиотека "Любен Каравелов" Русе | Заемна - подръчен фонд | 2013-12-09 | Заемна - подръчен фонд | 4.20 | 586453 | Цб 174167 | 586453 | 3 | 2.15 | Дост: DA Вид: А N: 20 Дата: 09.12.2013 | Книги |
| Не е изгубен | Universal Decimal Classification | Не е повреден | без рестрикции | ползва се в читалня | 18156 | Регионална библиотека "Любен Каравелов" Русе | Регионална библиотека "Любен Каравелов" Русе | Хранилище | 1993-01-01 | Хранилище | 60.00 | 594219 | Цб 174167 | 120000594219 | 4 | 30.68 | Дост: Dp Вид: Д N: сф Дата: 01.01.1993 | Книги |